Statistics for Big 4 Sports Teams that Share the Same Name

Click here to take the quiz!

General Stats

  • This quiz has been taken 93 times
  • The average score is 11 of 12

Answer Stats

LeagueCity/LocationTeam Name% Correct
NFLNew YorkGiants
99%
NFLNew YorkJets
99%
NHLNew York
99%
NFLCarolinaPanthers
94%
NBASacramentoKings
94%
NFLArizonaCardinals
93%
MLBTexasRangers
92%
MLBSt. Louis
90%
MLBSan Francisco
89%
NHLWinnipeg
87%
NHLFlorida
86%
NHLLos Angeles
86%

Score Distribution

Percentile by Number Answered

Percent of People with Each Score

Your Score History

You have not taken this quiz